MARC

LEADER 00000nam0a2200000 4500
001 53107
005 20251218175500.0
035 |a (RuTPU)RU\TPU\book\55690 
035 |a RU\TPU\book\55689 
090 |a 53107 
100 |a 20030613d1970 k y0rusy50 ca 
101 0 |a rus 
102 |a RU 
105 |a a z 001zy 
200 1 |a Проектирование электрических машин  |f П. С. Сергеев, Н. В. Виноградов, Ф. А. Горяинов 
205 |a 3-е изд., перераб. и доп. 
210 |a Москва  |c Энергия  |d 1970 
215 |a 632 с.  |c ил. 
320 |a Библиогр.: с. 626-628 
320 |a Алф. указ.: с. 629-632 
610 1 |a электрические машины 
610 1 |a проектирование 
610 1 |a электротехника 
610 1 |a машины постоянного тока 
610 1 |a машины переменного тока 
610 1 |a конструирование 
610 1 |a турбогенераторы 
610 1 |a гидрогенераторы 
610 1 |a таблицы 
610 1 |a ГОСТы 
610 1 |a генераторы 
610 1 |a асинхронные двигатели 
610 1 |a синхронные двигатели 
675 |a 621.313.001.2  |v 3 
700 1 |a Сергеев  |b П. С.  |g Петр Сергеевич 
701 1 |a Виноградов  |b Н. В.  |g Николай Владимирович 
701 1 |a Горяинов  |b Ф. А.  |g Федор Алексеевич 
801 1 |a RU  |b 63413507  |c 20030512  |g PSBO 
801 2 |a RU  |b 63413507  |c 20201023  |g PSBO 
942 |c BK